Statistics for Born in Winnipeg

Click here to take the quiz!

General Stats

  • This quiz has been taken 3 times
  • The average score is 10 of 19

Answer Stats

HintAnswer% Correct
In 1980, he embarked on a cross Canada run to raise money and awareness for cancer research. He died at the age of 22, but his efforts resulted in a legacy of what is today the world's largest one-day fundraiser for cancer research1958Terry Fox
100%
Former ice hockey centre who played for the St. Louis Blues, Toronto Maple Leafs and the Swedish national team1984Alexander Steen
67%
Canada-born New Zealand actress, "The Piano" "X-Men" "True Blood" "The Irishman"1982Anna Paquin
67%
Actor, known for his role as Elijah Mikaelson on "The Vampire Diaries" and "The Originals"1976Daniel Gillies
67%
Former ice hockey left winger who was known as Wayne Gretzky's "on-ice bodyguard" during his tenure with the Edmonton Oilers1957Dave Semenko
67%
Premier of Manitoba since 20211970Heather Stefanson
67%
Astrophysicist, one of the world's leading theoretical cosmologists and winner of the Nobel Prize in Physics in 20191935Jim Peebles
67%
Ice hockey centre and captain of the Chicago Blackhawks1988Jonathan Toews
67%
Owner of the Winnipeg Jets1960Mark Chipman
67%
Actress, best known for her role as Toula Portokalos in "My Big Fat Greek Wedding"1962Nia Vardalos
67%
Ice hockey centre who plays for the Vegas Golden Knights, he was drafted second overall by the Philadelphia Flyers in the 2017 NHL Draft1998Nolan Patrick
67%
Hockey Hall of Fame member, goalkeeper, winner of the Calder Trophy, four-time Stanley Cup champion and four-time winner of the Vezina Trophy1929Terry Sawchuk
67%
Stock car racing driver and first Canadian woman to win a NASCAR race in the United States1992Amber Balcaen
33%
Soccer player who plays for Kansas City Current and the Canadian women's national team1987Desiree Scott
33%
Physicist and chemist who took part in the Manhattan Project, he died at the age of 35 from the acute radiation syndrome1910Louis Slotin
33%
Ice hockey right winger and captain of the Vegas Golden Knights1992Mark Stone
33%
Soccer player who plays for Houston Dash and the Canadian women's national team1988Sophie Schmidt
33%
First commissioner of the Canadian Football League1905Sydney Halter
33%
Ice hockey centre who currently plays for the Chicago Blackhawks1995Max Domi
0%

Score Distribution

Percentile by Number Answered

Percent of People with Each Score

Your Score History

You have not taken this quiz